[Event "WchT Seniors 65"]
[Site "Krakow"]
[Date "2024.07.04"]
[Round "3.1"]
[White "Roos, Daniel"]
[Black "Binham, Timothy F"]
[Result "1-0"]
[WhiteElo "2311"]
[BlackElo "2276"]
[PlyCount "87"]
[EventDate "2024.07.02"]
[EventType "team-swiss"]
[EventRounds "9"]
[EventCountry "POL"]
[SourceTitle "CBM 221 Extra"]
[Source "ChessBase"]
[SourceDate "2024.09.30"]
[SourceVersion "1"]
[SourceVersionDate "2024.09.30"]
[SourceQuality "1"]
[WhiteTeam "France Strasbourg 65"]
[BlackTeam "Finland 65"]
[WhiteTeamCountry "FRA"]
[BlackTeamCountry "FIN"]

1. Nf3 c5 2. g3 Nc6 3. d4 cxd4 4. Nxd4 g6 5. Bg2 Bg7 6. Nxc6 bxc6 7. 0-0 Rb8 8. Nd2 Nf6 9. c4 0-0 10. Nb3 d5 11. Bf4 Rb4 12. cxd5 Nxd5 13. Bd2 Rb5 14. Qc1 Bd7 15. Rd1 Qc8 16. Bh6 Bg4 17. Bxg7 Kxg7 18. Nd4 Rb6 19. b3 e5 20. Nf3 Re8 21. Qb2 f6 22. Rac1 Qe6 23. Rd2 Bxf3 24. exf3 g5 25. Bf1 Qf5 26. Qa3 Qd7 27. Bc4 Qe7 28. Qa5 Rd8 29. Rcd1 h5 30. Bxd5 cxd5 31. Rxd5 Rxd5 32. Qxd5 h4 33. gxh4 gxh4 34. Qd7 Rb7 35. Qg4+ Kf8 36. Qxh4 Qg7+ 37. Qg4 f5 38. Rd8+ Kf7 39. Qxg7+ Kxg7 40. Rd6 Kf7 41. Ra6 Rd7 42. h4 Re7 43. h5 Kg7 44. Kg2 1-0

[Event "Oberliga Baden 2324"]
[Site "Germany"]
[Date "2024.01.14"]
[Round "5.4"]
[White "Tschann, Stephan"]
[Black "Roos, Daniel"]
[Result "1/2-1/2"]
[WhiteElo "2246"]
[BlackElo "2330"]
[PlyCount "37"]
[EventDate "2023.09.17"]
[EventType "team-tourn"]
[EventRounds "9"]
[EventCountry "GER"]
[SourceTitle "EXT 2025"]
[Source "ChessBase"]
[SourceDate "2024.10.14"]
[SourceVersion "1"]
[SourceVersionDate "2024.10.14"]
[SourceQuality "1"]
[WhiteTeam "Ettlingen"]
[BlackTeam "Karlsruhe"]
[WhiteTeamCountry "GER"]
[BlackTeamCountry "GER"]

1. c4 Nf6 2. g3 g6 3. Bg2 d5 4. cxd5 Nxd5 5. Qb3 c6 6. Nc3 Nb6 7. Nf3 Bg7 8. 0-0 0-0 9. d4 a5 10. Rd1 a4 11. Qc2 Na6 12. b3 Nb4 13. Qb2 N4d5 14. Nxa4 Nxa4 15. bxa4 Qa5 16. Bd2 Qxa4 17. e4 Nc7 18. Bb4 Re8 19. Ne5 1/2-1/2

[Event "FRA-chT Top 12"]
[Site "Drancy"]
[Date "2016.06.04"]
[Round "8.6"]
[White "Roos, Daniel"]
[Black "Bachmann, Axel"]
[Result "0-1"]
[WhiteElo "2332"]
[BlackElo "2632"]
[PlyCount "56"]
[EventDate "2016.05.28"]
[EventType "team-tourn"]
[EventRounds "11"]
[EventCountry "FRA"]
[SourceTitle "CBM 172 Extra"]
[Source "ChessBase"]
[SourceDate "2016.06.21"]
[SourceVersion "1"]
[SourceVersionDate "2016.06.21"]
[SourceQuality "1"]
[WhiteTeam "Strasbourg"]
[BlackTeam "Bois Colombes"]
[WhiteTeamCountry "FRA"]
[BlackTeamCountry "FRA"]

1. Nf3 c5 2. g3 Nc6 3. d4 cxd4 4. Nxd4 g6 5. Bg2 Bg7 6. Nxc6 bxc6 7. Nd2 a5 8. a4 Nf6 9. Nb3 Ba6 10. 0-0 Bc4 11. Nc5 0-0 12. Nd3 Bd5 13. f3 Qb6+ 14. Kh1 d6 15. e4 Bc4 16. Qe2 Nd7 17. Rb1 Qa6 18. Rd1 Nc5 19. b3 Rfb8 20. Bg5 Nxd3 21. bxc4 Nb2 22. Bxe7 Nxd1 23. Rxd1 Rb4 24. Bf1 Rxa4 25. c3 Qb7 26. Bxd6 Qb3 27. Qd3 Ra2 28. Rb1 Qxc3 0-1

[Event "Alsace-Baden"]
[Site "Wittelsheim"]
[Date "2013.09.22"]
[Round "1.4"]
[White "Roos, Daniel"]
[Black "Dittmar, Peter"]
[Result "1/2-1/2"]
[WhiteElo "2354"]
[BlackElo "2344"]
[PlyCount "64"]
[EventDate "2013.09.22"]
[EventType "team-match"]
[EventRounds "1"]
[EventCountry "FRA"]
[SourceTitle "EXT 2014"]
[Source "ChessBase"]
[SourceDate "2013.11.20"]
[SourceVersion "1"]
[SourceVersionDate "2013.11.20"]
[SourceQuality "1"]
[WhiteTeam "Alsace"]
[BlackTeam "Baden"]
[WhiteTeamCountry "FRA"]
[BlackTeamCountry "GER"]

1. Nf3 d5 2. g3 c6 3. Bg2 Bg4 4. c4 e6 5. cxd5 exd5 6. d3 Nf6 7. Qb3 Qb6 8. Qc2 Nbd7 9. 0-0 Bd6 10. Be3 Qd8 11. Nc3 0-0 12. a3 Re8 13. b4 a5 14. Qb3 axb4 15. axb4 Qe7 16. Rxa8 Rxa8 17. Rb1 Bxf3 18. Bxf3 h5 19. b5 Nc5 20. Qc2 Ng4 21. Bxg4 hxg4 22. bxc6 bxc6 23. Bxc5 Bxc5 24. Na4 Bd4 25. Qxc6 Qa7 26. Rb7 Qa5 27. Rb4 Qxb4 28. Qxa8+ Kh7 29. Kg2 Qe1 30. e3 Bxe3 31. fxe3 Qe2+ 32. Kg1 Qe1+ 1/2-1/2

[Event "Agneaux St Lo op 15th"]
[Site "Agneaux"]
[Date "2013.07.07"]
[Round "1"]
[White "Roos, Daniel"]
[Black "Marimoutou, Loic"]
[Result "1/2-1/2"]
[WhiteElo "1574"]
[BlackElo "1936"]
[PlyCount "76"]
[EventDate "2013.07.07"]
[EventType "swiss"]
[EventRounds "9"]
[EventCountry "FRA"]
[SourceTitle "EXT 2014"]
[Source "ChessBase"]
[SourceDate "2013.11.20"]
[SourceVersion "1"]
[SourceVersionDate "2013.11.20"]
[SourceQuality "1"]

1. e4 e5 2. Nf3 Nc6 3. d4 exd4 4. Nxd4 Nf6 5. Nc3 Bb4 6. Nxc6 bxc6 7. Bd3 0-0 8. 0-0 Re8 9. Bg5 h6 10. Bh4 Be7 11. Bg3 d5 12. exd5 Nxd5 13. Ne2 Bf6 14. c3 Bg4 15. Qc2 Qe7 16. Rfe1 Qc5 17. Nf4 Bg5 18. Nxd5 cxd5 19. Rxe8+ Rxe8 20. Qa4 Qe7 21. Qxg4 c5 22. Bf4 Bf6 23. Bxh6 c4 24. Bf1 Rb8 25. Bc1 Qe1 26. Qe2 Re8 27. Qxe1 Rxe1 28. f3 Bg5 29. Bxg5 Rxa1 30. a3 Rb1 31. Be3 Rxb2 32. Bxa7 Rb3 33. Bd4 Rxa3 34. Kf2 f6 35. Be2 Ra2 36. Ke3 Kf7 37. f4 Ke6 38. Bc5 Rc2 1/2-1/2

[Event "Palanga op"]
[Site "Palanga"]
[Date "2013.06.20"]
[Round "6"]
[White "Agafontseva, Natalya Valerievna"]
[Black "Roos, Daniel"]
[Result "1-0"]
[WhiteElo "1789"]
[BlackElo "1541"]
[PlyCount "21"]
[EventDate "2013.06.17"]
[EventType "swiss"]
[EventRounds "9"]
[EventCountry "LTU"]
[SourceTitle "EXT 2014"]
[Source "ChessBase"]
[SourceDate "2013.11.20"]
[SourceVersion "1"]
[SourceVersionDate "2013.11.20"]
[SourceQuality "1"]

1. Nf3 g6 2. c3 c5 3. e4 d6 4. d4 cxd4 5. cxd4 Nf6 6. Nc3 d5 7. e5 Nh5 8. Qb3 e6 9. Bg5 Qa5 10. Bd2 Ng7 11. Ne4 1-0

[Event "Palanga op"]
[Site "Palanga"]
[Date "2013.06.18"]
[Round "3"]
[White "Roos, Daniel"]
[Black "Zukauskas, Aloyzas"]
[Result "1-0"]
[WhiteElo "1541"]
[BlackElo "1801"]
[PlyCount "37"]
[EventDate "2013.06.17"]
[EventType "swiss"]
[EventRounds "9"]
[EventCountry "LTU"]
[SourceTitle "EXT 2014"]
[Source "ChessBase"]
[SourceDate "2013.11.20"]
[SourceVersion "1"]
[SourceVersionDate "2013.11.20"]
[SourceQuality "1"]

1. e4 e5 2. Nf3 Nc6 3. d4 exd4 4. Nxd4 Bc5 5. Be3 Nxd4 6. Bxd4 Bxd4 7. Qxd4 Qf6 8. e5 Qe7 9. Be2 Nh6 10. 0-0 0-0 11. Nc3 d6 12. exd6 cxd6 13. Bf3 Nf5 14. Qb4 Nh4 15. Be4 a5 16. Nd5 Qe5 17. Bxh7+ Kxh7 18. Qxh4+ Kg8 19. Ne7+ 1-0

[Event "FRA-chT Top 12"]
[Site "Haguenau"]
[Date "2013.06.08"]
[Round "10.6"]
[White "Roos, Daniel"]
[Black "Ider, Borya"]
[Result "1-0"]
[WhiteElo "2347"]
[BlackElo "2389"]
[PlyCount "100"]
[EventDate "2013.05.30"]
[EventType "team-tourn"]
[EventRounds "11"]
[EventCountry "FRA"]
[SourceTitle "CBM 154 Extra"]
[Source "ChessBase"]
[SourceDate "2013.06.25"]
[SourceVersion "2"]
[SourceVersionDate "2013.06.25"]
[SourceQuality "1"]
[WhiteTeam "Strasbourg"]
[BlackTeam "Mulhouse Philidor"]
[WhiteTeamCountry "FRA"]
[BlackTeamCountry "FRA"]

1. Nf3 e6 2. g3 b5 3. Bg2 Bb7 4. d3 Nf6 5. Nbd2 c5 6. 0-0 Be7 7. a4 b4 8. e4 d5 9. e5 Nfd7 10. Re1 Nc6 11. Nf1 Qc7 12. Qe2 Rc8 13. Bf4 Ba6 14. Ne3 Qd8 15. h4 0-0 16. b3 c4 17. bxc4 dxc4 18. Nxc4 Bxc4 19. dxc4 Na5 20. Red1 Qe8 21. Nd4 a6 22. Nb3 Nxc4 23. Bb7 Rc7 24. Bxa6 Na3 25. Bd3 Qa8 26. a5 Nc5 27. Nxc5 Bxc5 28. a6 g6 29. h5 Bd4 30. Be4 Qa7 31. Ra2 Rb8 32. Bb7 Qb6 33. Rd3 Nb5 34. Qd2 Qa7 35. Bf3 Qc5 36. Ra5 Rd7 37. a7 Rxa7 38. Rxb5 Ra1+ 39. Kh2 Qxb5 40. Rxd4 Qb6 41. Rd6 Qa5 42. Be3 b3 43. cxb3 Qxd2 44. Bxd2 gxh5 45. Bxh5 Ra2 46. b4 Rb5 47. Rd8+ Kg7 48. Rd7 Rd5 49. Rxf7+ Kg8 50. Bh6 Rd6 1-0

[Event "Oberliga Baden 1213"]
[Site "Baden"]
[Date "2013.02.03"]
[Round "6.1"]
[White "Gschnitzer, Oswald"]
[Black "Roos, Daniel"]
[Result "1/2-1/2"]
[WhiteElo "2458"]
[BlackElo "2354"]
[PlyCount "132"]
[EventDate "2012.10.14"]
[EventType "team-tourn"]
[EventRounds "9"]
[EventCountry "GER"]
[SourceTitle "EXT 2014"]
[Source "ChessBase"]
[SourceDate "2013.11.20"]
[SourceVersion "1"]
[SourceVersionDate "2013.11.20"]
[SourceQuality "1"]
[WhiteTeam "Kirchheim"]
[BlackTeam "Karlsruhe"]
[WhiteTeamCountry "GER"]
[BlackTeamCountry "GER"]

1. Nf3 d5 2. c4 c6 3. e3 Nf6 4. Nc3 g6 5. d4 Bg7 6. Be2 0-0 7. 0-0 b6 8. Bd2 Bb7 9. Rc1 e6 10. cxd5 exd5 11. b4 Nbd7 12. Qb3 Re8 13. Rfd1 Bf8 14. Be1 Bd6 15. Nd2 Qe7 16. b5 c5 17. dxc5 bxc5 18. Bf3 c4 19. Qc2 Nc5 20. Ne2 Nd3 21. Rb1 Bc5 22. Nf1 Nxe1 23. Rxe1 a6 24. Qc3 Bd6 25. bxa6 Rxa6 26. Qb2 Bc6 27. Nd4 Be5 28. Nxc6 Rxc6 29. Qc2 Ra6 30. Red1 Ra5 31. a4 Qa7 32. Rb5 Rxb5 33. axb5 Qc5 34. Rb1 Rb8 35. Qa4 Nd7 36. Be2 Nb6 37. Qc2 Ra8 38. Nd2 Ra3 39. Nf3 Bf6 40. Qd2 Bc3 41. Qc1 Bf6 42. Qd2 Rb3 43. Rxb3 cxb3 44. Qd1 b2 45. Nd2 Nc4 46. Nb1 Qxb5 47. Bd3 Qb4 48. Kf1 Ne5 49. Bc2 Qc5 50. Bb3 Qb5+ 51. Kg1 Nd3 52. Bc2 Nb4 53. Bb3 Qc5 54. g3 Kg7 55. Kg2 Qb5 56. h4 h5 57. Kg1 Qc6 58. Qd2 Qc1+ 59. Kg2 Qxb1 60. Qxb4 Qa1 61. Bc2 Qc1 62. Qb3 Qd2 63. Qd3 Qxd3 64. Bxd3 Bc3 65. Kf3 f6 66. g4 hxg4+ 1/2-1/2

[Event "Oberliga Baden 1213"]
[Site "Baden"]
[Date "2013.01.13"]
[Round "5.1"]
[White "Roos, Daniel"]
[Black "Riff, Jean Noel"]
[Result "1/2-1/2"]
[WhiteElo "2354"]
[BlackElo "2480"]
[PlyCount "32"]
[EventDate "2012.10.14"]
[EventType "team-tourn"]
[EventRounds "9"]
[EventCountry "GER"]
[SourceTitle "EXT 2014"]
[Source "ChessBase"]
[SourceDate "2013.11.20"]
[SourceVersion "1"]
[SourceVersionDate "2013.11.20"]
[SourceQuality "1"]
[WhiteTeam "Karlsruhe"]
[BlackTeam "Baden-Baden III"]
[WhiteTeamCountry "GER"]
[BlackTeamCountry "GER"]

1. Nf3 c5 2. g3 Nc6 3. d4 cxd4 4. Nxd4 g6 5. Bg2 Bg7 6. Nxc6 bxc6 7. 0-0 Nf6 8. Nd2 0-0 9. Nb3 Qc7 10. Bd2 d6 11. Ba5 Qd7 12. c4 Rb8 13. Bc3 Qc7 14. Ba5 Qd7 15. Bc3 Qc7 16. Ba5 Qd7 1/2-1/2

[Event "Vaujany op 3rd"]
[Site "Vaujany"]
[Date "2012.07.20"]
[Round "9"]
[White "Roos, Daniel"]
[Black "Epishin, Vladimir"]
[Result "0-1"]
[WhiteElo "2383"]
[BlackElo "2567"]
[PlyCount "108"]
[EventDate "2012.07.12"]
[EventType "swiss"]
[EventRounds "9"]
[EventCountry "FRA"]
[SourceTitle "CBM 149 Extra"]
[Source "ChessBase"]
[SourceDate "2012.08.24"]
[SourceVersion "1"]
[SourceVersionDate "2012.08.24"]
[SourceQuality "1"]

1. d4 Nf6 2. Nf3 e6 3. g3 b5 4. Bg2 d5 5. 0-0 Nbd7 6. Nbd2 Be7 7. a4 b4 8. c4 bxc3 9. bxc3 0-0 10. Re1 Rb8 11. Qc2 c5 12. e4 dxe4 13. Nxe4 Nxe4 14. Qxe4 Bb7 15. Qe2 Nf6 16. Bf4 Bd6 17. Be5 cxd4 18. Bxd4 Qe7 19. Rab1 Bc5 20. Ne5 Bxd4 21. cxd4 Bxg2 22. Kxg2 Qd6 23. Nf3 h6 24. Rec1 Rxb1 25. Rxb1 Rc8 26. Qe5 Qc6 27. Rb8 Nd5 28. Rxc8+ Qxc8 29. a5 Qa6 30. Qe1 Qb5 31. Ne5 f6 32. Nf3 Kf7 33. Kg1 Qd3 34. Kg2 g5 35. h3 h5 36. Qd2 Qe4 37. Qe1 Qxe1 38. Nxe1 Nb4 39. Kf3 Nc6 40. Ke4 Nxa5 41. d5 Nb3 42. h4 a5 43. hxg5 fxg5 44. Nf3 exd5+ 45. Kxd5 Kf6 46. Ne5 Nd2 47. Kd4 a4 48. Nd3 Kf5 49. Kc3 Nf3 50. Nb2 h4 51. gxh4 gxh4 52. Nd1 a3 53. Ne3+ Kf4 54. Nf1 h3 0-1

[Event "Vaujany op 3rd"]
[Site "Vaujany"]
[Date "2012.07.16"]
[Round "5"]
[White "Roos, Daniel"]
[Black "Gozzoli, Yannick"]
[Result "1/2-1/2"]
[WhiteElo "2383"]
[BlackElo "2547"]
[PlyCount "43"]
[EventDate "2012.07.12"]
[EventType "swiss"]
[EventRounds "9"]
[EventCountry "FRA"]
[SourceTitle "CBM 149 Extra"]
[Source "ChessBase"]
[SourceDate "2012.08.24"]
[SourceVersion "1"]
[SourceVersionDate "2012.08.24"]
[SourceQuality "1"]

1. Nf3 c5 2. e3 g6 3. d4 Bg7 4. c3 d5 5. Be2 Nf6 6. 0-0 0-0 7. b3 Nc6 8. Bb2 cxd4 9. cxd4 Bf5 10. Nc3 Rc8 11. Rc1 Ne4 12. Nd2 Nxc3 13. Bxc3 Qd6 14. Nf3 Qa3 15. Qd2 a5 16. Nh4 Bd7 17. f4 b6 18. Bb2 Qb4 19. Bc3 Qa3 20. Bb2 Qb4 21. Bc3 Qa3 22. Bb2 1/2-1/2

[Event "Vaujany op 3rd"]
[Site "Vaujany"]
[Date "2012.07.14"]
[Round "3"]
[White "Kormos, Adam"]
[Black "Roos, Daniel"]
[Result "1/2-1/2"]
[WhiteElo "2193"]
[BlackElo "2383"]
[PlyCount "106"]
[EventDate "2012.07.12"]
[EventType "swiss"]
[EventRounds "9"]
[EventCountry "FRA"]
[SourceTitle "CBM 149 Extra"]
[Source "ChessBase"]
[SourceDate "2012.08.24"]
[SourceVersion "1"]
[SourceVersionDate "2012.08.24"]
[SourceQuality "1"]

1. e4 c6 2. d4 d5 3. Nc3 dxe4 4. Nxe4 Nf6 5. Nxf6+ gxf6 6. c3 Bf5 7. Nf3 Nd7 8. Qb3 Qc7 9. a4 Bg7 10. g3 0-0 11. Bg2 Bd3 12. Qd1 Bg6 13. h4 h5 14. 0-0 e5 15. Be3 Nb6 16. Re1 Nd5 17. Bd2 Rad8 18. a5 Rfe8 19. Qc1 e4 20. Nh2 f5 21. Nf1 c5 22. c4 Nb4 23. d5 Nd3 24. Qc2 Bxb2 25. Bc3 Bxc3 26. Qxc3 Nxe1 27. Rxe1 Rd6 28. Ne3 Ra6 29. Rb1 Re7 30. Rb5 b6 31. Qf6 Qe5 32. Qc6 Rc7 33. Qa8+ Kg7 34. axb6 Rxb6 35. Rxb6 axb6 36. Qb8 Qd6 37. Bh3 Rd7 38. Qc8 Qc7 39. Qe8 Re7 40. Qb5 Re5 41. Qa6 Qb8 42. Qa1 Kf6 43. Kg2 Ke7 44. Qa6 Kf8 45. Qa1 Qd6 46. Kg1 Qf6 47. Ng2 Re6 48. Qc1 Re8 49. Qh6+ Ke7 50. Qf4 Qd6 51. Qg5+ Qf6 52. Qf4 Qd6 53. Qg5+ Qf6 1/2-1/2

[Event "Alsace-Baden m"]
[Site "Gambsheim"]
[Date "2011.09.18"]
[Round "?"]
[White "Gschnitzer, Oswald"]
[Black "Roos, Daniel"]
[Result "1-0"]
[WhiteElo "2456"]
[BlackElo "2405"]
[PlyCount "69"]
[EventDate "2011.09.18"]
[EventType "team-match"]
[EventRounds "1"]
[EventCountry "FRA"]
[SourceTitle "CBM 144 Extra"]
[Source "ChessBase"]
[SourceDate "2011.10.28"]
[SourceVersion "1"]
[SourceVersionDate "2011.10.28"]
[SourceQuality "1"]
[WhiteTeam "Baden"]
[BlackTeam "Alsace"]
[WhiteTeamCountry "GER"]
[BlackTeamCountry "FRA"]

1. Nf3 g6 2. c4 Bg7 3. e4 c5 4. d4 cxd4 5. Nxd4 Nc6 6. Be3 Nf6 7. Nc3 d6 8. Be2 0-0 9. 0-0 Bd7 10. Nc2 Rc8 11. f3 Ne8 12. Qd2 f5 13. exf5 Bxf5 14. Nd4 Nxd4 15. Bxd4 b6 16. Rad1 Qd7 17. Rfe1 Be6 18. b3 Bxd4+ 19. Qxd4 Rc5 20. Bd3 Ng7 21. Be4 Rh5 22. Rd2 Rf7 23. Rde2 Re5 24. Qd2 Qc8 25. f4 Rh5 26. Nd5 Qc5+ 27. Qe3 Bg4 28. Rd2 Kf8 29. a3 Qxe3+ 30. Nxe3 Bd7 31. b4 g5 32. fxg5 Rxg5 33. Bxh7 Nf5 34. Bxf5 Bxf5 35. Rd5 1-0

[Event "Vaujany op-A 2nd"]
[Site "Vaujany"]
[Date "2011.07.18"]
[Round "5"]
[White "Roos, Daniel"]
[Black "Lobzhanidze, Davit"]
[Result "1/2-1/2"]
[WhiteElo "2382"]
[BlackElo "2483"]
[PlyCount "63"]
[EventDate "2011.07.14"]
[EventType "swiss"]
[EventRounds "9"]
[EventCountry "FRA"]
[SourceTitle "EXT 2012"]
[Source "ChessBase"]
[SourceDate "2011.11.24"]
[SourceVersion "1"]
[SourceVersionDate "2011.11.24"]
[SourceQuality "1"]

1. e4 e5 2. Nf3 Nc6 3. Bc4 Bc5 4. c3 Nf6 5. d3 d6 6. Nbd2 0-0 7. 0-0 Bb6 8. Bb3 Ne7 9. Nc4 Ng6 10. h3 h6 11. Nh2 Be6 12. Nxb6 axb6 13. Bxe6 fxe6 14. g3 d5 15. Qe2 Qd7 16. a3 dxe4 17. dxe4 Qc6 18. Re1 b5 19. Ng4 Nxg4 20. Qxg4 Rf6 21. Be3 Kh7 22. Rad1 Nh8 23. Rd2 Nf7 24. Rde2 Rd8 25. Bc1 Rd3 26. Re3 Rd8 27. R3e2 Rf8 28. Qh5 Qc4 29. Be3 Qc6 30. Bc1 Qe8 31. Be3 Qc6 32. Bc1 1/2-1/2

[Event "Vaujany op-A 2nd"]
[Site "Vaujany"]
[Date "2011.07.15"]
[Round "2"]
[White "Roos, Daniel"]
[Black "Bea, Boglarka"]
[Result "1-0"]
[WhiteElo "2382"]
[BlackElo "2143"]
[PlyCount "91"]
[EventDate "2011.07.14"]
[EventType "swiss"]
[EventRounds "9"]
[EventCountry "FRA"]
[SourceTitle "EXT 2012"]
[Source "ChessBase"]
[SourceDate "2011.11.24"]
[SourceVersion "1"]
[SourceVersionDate "2011.11.24"]
[SourceQuality "1"]

1. Nf3 c5 2. g3 Nc6 3. d4 cxd4 4. Nxd4 d5 5. Bg2 Nf6 6. 0-0 g6 7. c4 e5 8. Nxc6 bxc6 9. cxd5 cxd5 10. Nc3 Be6 11. Bg5 Be7 12. Bxf6 Bxf6 13. Bxd5 Bxd5 14. Nxd5 0-0 15. e4 Bg7 16. Rc1 Rb8 17. b3 Rb7 18. Qe2 f5 19. Qc4 Kh8 20. Nc7 Qe7 21. Ne6 Re8 22. Nxg7 Kxg7 23. exf5 gxf5 24. Rfd1 Qg5 25. h4 Qh5 26. Qc6 Rbe7 27. Rd7 Qf7 28. Rxe7 Rxe7 29. Rc5 f4 30. Qe4 fxg3 31. fxg3 Qf6 32. Rc6 Re6 33. Qg4+ Kf7 34. Qc4 Qg6 35. Kf2 Qf5+ 36. Ke3 h5 37. b4 Kf6 38. Qxe6+ Qxe6 39. Rxe6+ Kxe6 40. Ke4 Kd6 41. a4 a6 42. b5 a5 43. b6 Kc6 44. Kxe5 Kxb6 45. g4 hxg4 46. Kf4 1-0

[Event "FRA-chT Top 12"]
[Site "Mulhouse"]
[Date "2011.05.30"]
[Round "5"]
[White "Moussard, Jules"]
[Black "Roos, Daniel"]
[Result "1-0"]
[WhiteElo "2422"]
[BlackElo "2389"]
[PlyCount "74"]
[EventDate "2011.05.26"]
[EventType "team-tourn"]
[EventRounds "11"]
[EventCountry "FRA"]
[SourceTitle "CBM 142 Extra"]
[Source "ChessBase"]
[SourceDate "2011.06.27"]
[SourceVersion "1"]
[SourceVersionDate "2011.06.27"]
[SourceQuality "1"]
[WhiteTeam "Evry Grand Roque"]
[BlackTeam "Strasbourg"]
[WhiteTeamCountry "FRA"]
[BlackTeamCountry "FRA"]

1. e4 c6 2. d4 d5 3. f3 e6 4. Nc3 Nf6 5. e5 Nfd7 6. f4 c5 7. Nf3 Nc6 8. Be3 a6 9. Qd2 b5 10. a3 Rb8 11. Be2 Qb6 12. 0-0 cxd4 13. Nxd4 Bc5 14. Rfd1 g5 15. g3 Rg8 16. Kf1 gxf4 17. gxf4 Nxd4 18. Bxd4 f6 19. exf6 Bxd4 20. Qxd4 Nxf6 21. Bf3 Qxd4 22. Rxd4 Rb7 23. f5 Rbg7 24. Kf2 Rg5 25. fxe6 Bxe6 26. a4 Rf5 27. axb5 Rf8 28. bxa6 Ng4+ 29. Kg1 Nxh2 30. Kxh2 Rxf3 31. a7 Rh3+ 32. Kg2 Rg8+ 33. Kf2 Rh2+ 34. Ke3 Rg3+ 35. Kf4 Rg8 36. Ke3 Ke7 37. Kf4 Ke8 1-0

[Event "FRA-chT Top 12"]
[Site "Mulhouse"]
[Date "2011.05.29"]
[Round "4.4"]
[White "Roos, Daniel"]
[Black "Edouard, Romain"]
[Result "0-1"]
[WhiteElo "2389"]
[BlackElo "2602"]
[PlyCount "94"]
[EventDate "2011.05.26"]
[EventType "team-tourn"]
[EventRounds "11"]
[EventCountry "FRA"]
[SourceTitle "CBM 142 Extra"]
[Source "ChessBase"]
[SourceDate "2011.06.27"]
[SourceVersion "1"]
[SourceVersionDate "2011.06.27"]
[SourceQuality "1"]
[WhiteTeam "Strasbourg"]
[BlackTeam "Chalons en Champagne"]
[WhiteTeamCountry "FRA"]
[BlackTeamCountry "FRA"]

1. e4 c5 2. Nc3 d6 3. g3 g6 4. Bg2 Bg7 5. d3 Nc6 6. f4 e6 7. Nf3 Nge7 8. 0-0 0-0 9. Be3 Rb8 10. Qd2 Nd4 11. Bf2 Nec6 12. Nxd4 Nxd4 13. Nd1 b6 14. c3 Nc6 15. Ne3 Ba6 16. g4 b5 17. a3 Na5 18. Qc2 Bb7 19. b4 Nc6 20. Rab1 Ba8 21. Qd2 Qf6 22. Nd1 Qe7 23. d4 cxd4 24. cxd4 e5 25. d5 Nd4 26. f5 Rfc8 27. Rb2 Bf6 28. Be3 g5 29. h4 h6 30. Nf2 Rc4 31. Nh3 Rbc8 32. hxg5 hxg5 33. Rf2 Rc3 34. Ra2 Nb3 35. Qe2 Nc1 36. Bxc1 Rxc1+ 37. Rf1 R1c4 38. Rf3 Qf8 39. Kh2 Qh6 40. Qe3 Qh4 41. Rg3 Bxd5 42. exd5 e4 43. Bxe4 Re8 44. Re2 Rexe4 45. Qxe4 Rxe4 46. Rxe4 Be5 47. Kg2 Qh8 0-1

[Event "FRA-chT Top 12"]
[Site "Mulhouse"]
[Date "2011.05.27"]
[Round "2.4"]
[White "Roos, Daniel"]
[Black "Nisipeanu, Liviu Dieter"]
[Result "1/2-1/2"]
[WhiteElo "2389"]
[BlackElo "2659"]
[PlyCount "67"]
[EventDate "2011.05.26"]
[EventType "team-tourn"]
[EventRounds "11"]
[EventCountry "FRA"]
[SourceTitle "CBM 142 Extra"]
[Source "ChessBase"]
[SourceDate "2011.06.27"]
[SourceVersion "1"]
[SourceVersionDate "2011.06.27"]
[SourceQuality "1"]
[WhiteTeam "Strasbourg"]
[BlackTeam "Clichy Echecs 92"]
[WhiteTeamCountry "FRA"]
[BlackTeamCountry "FRA"]

1. e4 c5 2. Nc3 Nc6 3. g3 g6 4. Bg2 Bg7 5. d3 Rb8 6. f4 d6 7. Nf3 Bg4 8. Nd5 e6 9. Ne3 Bxf3 10. Qxf3 f5 11. 0-0 Nge7 12. c3 0-0 13. Bd2 b5 14. a3 c4 15. Qe2 cxd3 16. Qxd3 Na5 17. Rad1 Qb6 18. Kh1 Nb3 19. Nc2 Nc5 20. Qe2 Nxe4 21. Bxe4 fxe4 22. Qxe4 Qb7 23. Qxb7 Rxb7 24. Rfe1 Kf7 25. Be3 Nf5 26. Re2 a5 27. Bd4 e5 28. fxe5 dxe5 29. Bc5 Rc8 30. b4 h5 31. Kg2 Bf8 32. Bxf8 Kxf8 33. Ne3 axb4 34. axb4 1/2-1/2

[Event "Cammeray Norths op"]
[Site "Cammeray"]
[Date "2011.01.04"]
[Round "3"]
[White "Gamage, Thumula"]
[Black "Roos, Daniel"]
[Result "1-0"]
[WhiteElo "786"]
[BlackElo "1075"]
[PlyCount "53"]
[EventDate "2011.01.02"]
[EventType "swiss"]
[EventRounds "7"]
[EventCountry "AUS"]
[SourceTitle "EXT 2013"]
[Source "ChessBase"]
[SourceDate "2012.11.22"]
[SourceVersion "1"]
[SourceVersionDate "2012.11.22"]
[SourceQuality "1"]

1. d4 Nf6 2. c4 g6 3. Nc3 Bg7 4. Nf3 d5 5. e3 0-0 6. Bd3 Nc6 7. 0-0 Bg4 8. h3 Bxf3 9. Qxf3 Re8 10. cxd5 Nb4 11. e4 Qd7 12. Bc4 a6 13. a3 Nc2 14. Rb1 Nxd4 15. Qd3 Nh5 16. g4 Nf4 17. Bxf4 e5 18. Bg3 c5 19. f4 b5 20. Ba2 c4 21. Qe3 Qa7 22. Bf2 Rad8 23. Kh1 Kh8 24. Ne2 Kg8 25. Rfe1 g5 26. fxe5 Bxe5 27. Nxd4 1-0